| 000 | 01382cam a2200373 i 4500 | ||
|---|---|---|---|
| 001 | 6925 | ||
| 003 | FISKH | ||
| 005 | 20250610085846.0 | ||
| 008 | 900515t19911991nyua j 000 1 eng | ||
| 010 | _a 90039358 | ||
| 020 |
_a0395551137 _c$15.95 |
||
| 020 |
_a9780395870822 _qpbk |
||
| 020 |
_a0395870828 _qpbk |
||
| 040 |
_aDLC _beng _erda _cDLC |
||
| 050 | _aPZ7.W6367 T | ||
| 082 | _a813.5 | ||
| 100 | 1 | _aWiesner, David | |
| 245 | 1 | 0 |
_aTuesday / _cDavid Wiesner. |
| 260 |
_aNew York : _bClarion Books, _c1991 |
||
| 300 |
_a30 unnumbered pages : _bcolor illstrations ; _c23 x 27 cm |
||
| 336 |
_atext _btxt _2rdacontent _0http://id.loc.gov/vocabulary/contentTypes/txt |
||
| 337 |
_aunmediated _bn _2rdamedia _0http://id.loc.gov/vocabulary/mediaTypes/n |
||
| 338 |
_avolume _bnc _2rdacarrier _0http://id.loc.gov/vocabulary/carriers/nc |
||
| 340 | _0http://id.loc.gov/vocabulary/millus/ill | ||
| 505 | _aNP | ||
| 520 | _aFrogs rise on their lily pads, float through the air, and explore nearby houses while their inhabitants sleep. | ||
| 650 | 1 |
_aFrogs _vFiction |
|
| 650 | 1 |
_aFlight _vFiction |
|
| 655 | 7 |
_aFiction _2lcgft _0http://id.loc.gov/authorities/genreForms/gf2014026339 |
|
| 655 | 7 |
_aPicture books _2lcgft _0http://id.loc.gov/authorities/genreForms/gf2016026096 |
|
| 906 |
_a7 _bcbc _corignew _d1 _eocip _f19 _gy-gencatlg |
||
| 942 |
_2ddc _cBK _n0 |
||
| 999 |
_c6925 _d6925 |
||